Statistiques concernant Géographie par lettre - B

Cliquez ici pour prendre le quiz!

Statistiques générales

  • Ce quiz a été pris 7,471 fois
  • Le résultat moyen est 12 sur 22

Statistiques - réponses

allusion réponse % Correct
Ville avec un mur enlevé en 1989Berlin
99%
Ville italienne ou une sauce avec
tomate et d'oignon
Bologne
87%
Capitale de la RoumanieBucarest
85%
Capitale de la ColombieBogotá
82%
Pays d'Amérique centraleBelize
80%
Myanmar, sous un autre nomBirmanie
78%
Surnom pour l'industrie
cinématographique de Mumbai
Bollywood
76%
Mer bordant la Suède et la LettonieBaltique
74%
Pays juste au sud du RwandaBurundi
70%
Hôte des Jeux olympiques de 1992Barcelone
69%
Détroit entre la Russie et l'AlaskaBering
69%
Etat allemand célèbre pour l'OktoberfestBavière
63%
Ville espagnole avec le musée GuggenheimBilbao
54%
Le célèbre théâtre de ballet de MoscouBolchoï
47%
Rivière ou marais se déplaçant
lentement en Louisiane
bayou
39%
Péninsule d'Albanie et de GrèceBalkans
34%
Île partagée par trois pays différentsBornéo
27%
Capitale du QueenslandBrisbane
27%
Ville avec une zone verte depuis 2003Bagdad
19%
Ancienne ville située près de BagdadBabylone
17%
Le premier parc national du CanadaBanff
12%
La plus haute montagne du
Royaume-Uni
Ben Nevis
11%

Distribution des résultats

Percentile by Number Answered

% des personnes avec chaque résultat

Votre développement - résultats

Vous n’avez pas pris ce quiz